000
00308nam a22001337a 4500
008
171012b xxu||||| |||| 00| 0 eng d
020
_a
2900205407841
041
_a
eng
080
_a
316
100
_a
50
101
_a
SOC
245
_a
DRUGS BEHAVIOR MODERN SOCIETY
_c
LEVINTHALL.CH.E
942
_2
udc
_c
BK
999
_c
33550
_d
33550